000 00331nam a2200121Ia 4500
008 240719s9999 xx 000 0 und d
041 _aeng
082 _a658 GOL
100 _aGoldsmith, Marshall
245 _aThe Rules Of Leadership And The E5 Movement
260 _aDelhi
_bJaico Publishing House
_c2020
300 _a220;. P. 22 Cm
999 _c41415
_d41415